| 000 | 00990nam0a22002651 4500 | ||
|---|---|---|---|
| 001 | rc\4492471 | ||
| 005 | 20250612100913.0 | ||
| 021 |
_aRU _b[66-84230] |
||
| 035 | _a(NLR Aleph) 008609458 | ||
| 090 |
_a8754462 _c8754462 |
||
| 100 | _a20130416d1966 |||y0rusy50 ca | ||
| 101 | 0 | _arus | |
| 102 | _aRU | ||
| 105 | _ay z ||||| | ||
| 200 | 1 |
_aМатериалы I Конференции стоматологов Армении _fПод ред. проф. Г.М. Егияна _gМ-во здравоохранения Арм. ССР. Респ. науч. о-во стоматологов Армении |
|
| 210 |
_aЕреван _cБ. и. _d1966 |
||
| 215 |
_a326 с. _d20 |
||
| 606 |
_aСтоматология _jСборники _2psbo |
||
| 702 | 1 |
_aЕгиян _bГ.М. _4340 |
|
| 710 | 1 | 2 | _aКонференция стоматологов Армении (1; 1966; Ереван) |
| 801 | 0 |
_aRU _bNLR _gpsbo |
|
| 801 | 1 |
_aRU _bELAR _2rusmarc |
|
| 852 |
_aNLR _j66-3/6187 |
||
| 942 | _cBOOK | ||
| 980 | _aNB | ||